| 000 | 00671nam a2200217 u 4500 | ||
|---|---|---|---|
| 005 | 20230316063601.0 | ||
| 008 | 121026s2007 r 000 0 eng d | ||
| 020 | _a9788449434006 | ||
| 035 | _aUPN01000188060 | ||
| 049 | _aI | ||
| 050 | 4 |
_aPZ7 _bT5.9 |
|
| 100 | 1 |
_aThomas, Valerie _933446 |
|
| 245 | 1 | 0 |
_aWinnie y el dragón de medianoche / _cValerie Thomas, Korky Paul. |
| 260 |
_aBarcelona, Esp. : _bOcéano, _c2007. |
||
| 300 |
_a[28] p. : _bprincipalmente il. col. |
||
| 650 | 4 |
_aCuentos infantiles ingleses _910002 |
|
| 650 | 4 |
_aBRUJAS - _vLITERATURA INFANTIL _94409 |
|
| 700 | 1 |
_aPaul, Korky, _d1951- _ecoaut. _931873 |
|
| 905 | _aInfantil | ||
| 999 |
_c160163 _d160163 |
||